[Event "Ufa Startsev Memorial Rapid"]
[Site "Ufa"]
[Date "2024.02.04"]
[Round "5"]
[White "Smirnov, Pavel"]
[Black "Shaidullin, Askar"]
[Result "1-0"]
[WhiteElo "2530"]
[BlackElo "2047"]
[PlyCount "59"]
[EventDate "2024.02.04"]
[EventType "swiss (rapid)"]
[EventRounds "11"]
[EventCountry "RUS"]
[SourceTitle "CB07_2024"]
[SourceDate "2024.02.14"]
[SourceVersion "1"]
[SourceVersionDate "2024.02.14"]
[SourceQuality "1"]

1. d4 d5 2. c4 c6 3. Nf3 Nf6 4. e3 Bf5 5. Nc3 e6 6. Nh4 Be4 7. f3 Bg6 8. Qb3 Qc7 9. Bd2 Bd6 10. 0-0-0 Nbd7 11. cxd5 cxd5 12. Nxg6 hxg6 13. Kb1 a6 14. e4 Rxh2 15. Rxh2 Bxh2 16. exd5 exd5 17. Nxd5 Nxd5 18. Qxd5 Nf6 19. Qb3 Kf8 20. Bd3 Rd8 21. Bb4+ Bd6 22. Bc3 Bh2 23. Rc1 Kg8 24. Bxg6 Nd5 25. Bd2 Qd7 26. Be4 g6 27. Bg5 Bf4 28. Bxd8 Bxc1 29. Qxd5 Qc8 30. Bxg6 1-0

[Event "Nezhmetdinov Memorial 38th"]
[Site "Kazan"]
[Date "2016.06.05"]
[Round "6"]
[White "Markelova, Lubov"]
[Black "Shaidullin, Askar"]
[Result "1-0"]
[WhiteElo "2059"]
[BlackElo "1934"]
[PlyCount "68"]
[EventDate "2016.05.31"]
[EventType "swiss"]
[EventRounds "9"]
[EventCountry "RUS"]
[SourceTitle "CBM 172 Extra"]
[Source "ChessBase"]
[SourceDate "2016.06.21"]
[SourceVersion "1"]
[SourceVersionDate "2016.06.21"]
[SourceQuality "1"]

1. Nf3 d5 2. d4 e6 3. c4 Nf6 4. Nc3 Nbd7 5. cxd5 exd5 6. Bg5 c6 7. e3 Bd6 8. Bd3 0-0 9. Qc2 a5 10. Bxh7+ Kh8 11. Bf5 Nb6 12. Ne5 Qe7 13. Bxc8 Raxc8 14. Qf5 Bxe5 15. dxe5 Qd7 16. Qf4 Nh7 17. 0-0 Qe6 18. Qg3 Rce8 19. f4 Qf5 20. Rf3 Nc4 21. Bh4 b5 22. b3 Nd2 23. Rf2 Ne4 24. Nxe4 Qxe4 25. Rc1 Re6 26. Qf3 Qxf3 27. gxf3 Rc8 28. Rfc2 f5 29. Be1 a4 30. Bb4 Kg8 31. Bd6 axb3 32. axb3 Ra8 33. Rxc6 Kf7 34. Rc7+ Kg6 1-0